Jurisprudencia de derecho de alimentos
Saved in:
| 格式: | 图书 |
|---|---|
| 语言: | 西班牙语 |
| 出版: |
Santiago
Thomson Reuters Puntolex
2010
|
| 主题: | |
| 标签: |
添加标签
没有标签, 成为第一个标记此记录!
|
MARC
| LEADER | 00000nam a2200000 a 4500 | ||
|---|---|---|---|
| 001 | UCG3846 | ||
| 003 | CL-VaPUC | ||
| 008 | 100916e20100813CL |||||||||||||||||spa|d | ||
| 020 | |a 9789563370430 | ||
| 082 | 0 | 4 | |a 346.0172 |b JUR |2 21 |
| 245 | 1 | 0 | |a Jurisprudencia de derecho de alimentos |
| 300 | |a 291 p | ||
| 942 | |c BK | ||
| 945 | |d 20100916 00:00:00 |a mfarfan | ||
| 260 | |a Santiago |b Thomson Reuters Puntolex |c 2010 | ||
| 650 | 7 | |a PENSION DE ALIMENTOS |2 CL-VaPUC |9 523792 | |
| 650 | 0 | |a Derecho de alimentos |9 258635 | |
| 650 | 0 | |a Derecho de familia |9 255603 | |
| 583 | |a last modification |c 20100916 00:00:00 |k Rodrigo Vera | ||
| 999 | |c 342817 |d 342815 | ||
| 952 | |0 0 |1 0 |4 0 |6 346_017200000000000_JUR_2010 |7 0 |8 A |9 439370 |a BIBDER |b BIBDER |d 2019-11-22 |i 472027K |l 1 |m 2 |o 346.0172 JUR 2010 |p 472027K |q 2025-05-30 |r 2025-01-30 |s 2025-01-30 |w 2019-11-22 |y BK |k DER | ||